| Tag |
First Indicator |
Second Indicator |
Subfields |
| LEADER |
00000cam a2200000Ii 4500 |
| 001 |
in00003469113 |
| 005 |
20151206100414.0 |
| 008 |
131009s2013 dk a b 000 0 eng d |
| 020 |
|
|
|a 8776747484
|
| 020 |
|
|
|a 9788776747480
|
| 035 |
|
|
|a (OCoLC)ocn859745039
|
| 040 |
|
|
|a YDXCP
|e rda
|c YDXCP
|d STF
|d CDX
|d CUS
|d LML
|d UtOrBLW
|
| 049 |
|
|
|a TXAM
|
| 050 |
1 |
0 |
|a D17
|b .C66 2013
|
| 082 |
0 |
|
|a 320.1
|b 23
|
| 245 |
0 |
0 |
|a Contested places /
|c edited by Anne Magnussen, Peter Seeberg, Kirstine Sinclair and Nils Arne Sørensen.
|
| 264 |
|
1 |
|a Odense M :
|b University Press of Southern Denmark,
|c 2013.
|
| 300 |
|
|
|a 290 pages :
|b illustrations ;
|c 23 cm.
|
| 336 |
|
|
|a text
|b txt
|2 rdacontent
|
| 337 |
|
|
|a unmediated
|b n
|2 rdamedia
|
| 338 |
|
|
|a volume
|b nc
|2 rdacarrier
|
| 490 |
1 |
|
|a University of Southern Denmark studies in history and social sciences ;
|v v. 469
|
| 504 |
|
|
|a Includes bibliographical references.
|
| 505 |
0 |
0 |
|g Contested places, introduction /
|r Anne Magnussen & Kirstine Sinclair --
|t Intersections --
|t Palestine in western travel literature narratives with a focus on the 19th century /
|r Peter Seeberg & Rune Andersen --
|t Dominion and transportation : constantinople as contested place /
|r Christian Høgel --
|t Detroit's river rouge as contested space /
|r David E. Nye --
|t London lived and intersected : Anti-Israeli Gaza war demonstrations in London in 2009 /
|r Kirstine Sinclair --
|t Borders as place --
|t Delineating Slovenia : establishing and bordering a national sphere /
|r Peter Thaler --
|t Belonging on the border : Mexican American strategies at el Primer Congreso Nacionalista, Texas 1911 /
|r Anne Magnussen --
|t Schleswig as a contested place /
|r Michael Bregnsbo and Kurt Villads Jensen --
|t Enclaves as contested places /
|r Per Grau Møller --
|t Memory sites --
|t The ground zero Mosque : a clash over (civil) religion and freedom /
|r Jørn Brøndal --
|t The battie at thermopylae and the myth of Greek unity /
|r Jesper Majbom Madsen --
|t In the haven of eternity? : a Churchyard as a contested place /
|r Martin Rheinheimer --
|t A violently contested void : no man's land during the first world war /
|r Bjarne Søndergaard Bendtsen --
|g Contributors.
|
| 650 |
|
0 |
|a World history.
|
| 650 |
|
0 |
|a Civilization
|x History.
|
| 700 |
1 |
|
|a Magnussen, Anne,
|e editor.
|
| 700 |
1 |
|
|a Seeberg, Peter,
|d 1952-
|e editor.
|
| 700 |
1 |
|
|a Sinclair, Kirstine,
|d 1976-
|e editor.
|
| 700 |
1 |
|
|a Sørensen, Nils Arne,
|e editor.
|
| 830 |
|
0 |
|a University of Southern Denmark studies in history and social sciences ;
|v v. 469.
|
| 945 |
|
|
|a PromptCat
|b 732134
|
| 946 |
|
|
|a stk
|
| 947 |
|
|
|a A14840674090
|
| 948 |
|
|
|a cataloged
|b h
|c 2014/7/2
|d c
|e dmitchel
|f 8:30:20 am
|
| 994 |
|
|
|a C0
|b TXA
|
| 999 |
|
|
|a MARS
|
| 999 |
f |
f |
|s 30e9dde3-cf2c-321e-ba1f-30e15d1228bd
|i 21c9353a-d8c5-3194-9605-a2767db43a39
|t 0
|
| 952 |
f |
f |
|p ric
|a Texas A&M University
|b Rellis Campus
|c Joint Library Facility
|d Remote Storage
|t 0
|e D17 .C66 2013
|h Library of Congress classification
|i unmediated -- volume
|m A14840674090
|
| 998 |
f |
f |
|a D17 .C66 2013
|t 0
|l Remote Storage
|